000 00983nam a2200289 i 4500
001 000028646
003 DO-SdBNP
005 20240624113756.0
007 ta
008 110411s2010 dr a 000 0 spa d
020 _a9789945003758
040 _aDO-SdBNP
_bspa
_cBNPHU
_erda
082 4 _a617.643
_bG216m
_222
100 1 _aGarcía-Godoy, Federico M.,
_d1949-
_937042
245 1 0 _aManual de ortodoncia clínica /
_cFederico García Godoy ; Johanna Castellanos Nouel ; Pedro A. Ricart Reyes.
264 _aSanto Domingo :
_bAsociación Iberoamericana de Odontología Familiar,
_c2010.
300 _a194 páginas :
_bilustraciones ;
_c22 cm.
336 _2rdacontent
_atexto
_btxt
337 _2rdamedia
_asin mediación
_bn
338 _2rdacarrier
_avolumen
_bnc
490 _aDENTARIUMRD
_v1
590 _aInventariado, 2024/BT
650 4 _aOrtodoncia
_985760
700 1 _aCastellanos Nouel, Johanna
_955613
700 1 _aRicart Reyes, Pedro A.
_955614
942 _2ddc
_cLBS1
999 _c28138
_d28138